Ricostruisci la Carriera del Calciatore - Cristiano Ronaldo - Statistics

Statistiche generali
  • Questo quiz è stato fatto 397 volte
  • Il punteggio medio è 6 su 7
Statistiche sulle risposte
Hint Risposta % Corretto
2018-2021 Juventus
87%
2009-2018 Real Madrid
87%
2003-2009 Manchester Utd
85%
2002-2003 Sporting Lisbona B
83%
2002-2003 Sporting Lisbona
80%
2023- Al-Nassr
75%
2021-2022 Manchester Utd
59%
Nessun quiz corrispondente trovato
Distribuzione punteggi
Percentuale di utenti per punteggio
Percentile per numero di risposta
I tuoi punteggi nel tempo
Non hai fatto questo quiz